000 00945cam a2200145ua 4500
041 _aeng
_h
082 _a631.372
_bIND/ME
110 1 _aIndian standards institution .
_bISI
_c()
245 0 0 _aMethod for braking performance test for agricultural tractors IS:12061-1987 /
_cIndian standards institution.
_hTextual Documents
260 _aNew Delhi :
_bIndian standards institution ,
_c1987.
300 _a10 ; .
504 _a
942 _cBK
999 _c10617
_d10617